Sử dụng phân hữu cơ bùn cống thải trồng thử nghiệm cây rau muống (Ipomoea Aquatica) và xà lách (Lactuca Sativa Var. Capitala L.) : Luận văn thạc sĩ. Ngành khoa học môi trường
Luận văn nghiên cứu về việc sử dụng phân hữu cơ bùn cống thải trồng thử nghiệm cây rau muống và xà lách nhằm đánh giá khả năng đáp ứng nhu cầu sinh trưởng của rau muống và xà lách khi sử dụng phân hữu cơ từ bùn cống thải....
Guardado en:
| Autor principal: | |
|---|---|
| Formato: | Libro |
| Lenguaje: | Undetermined |
| Publicado: |
Cần Thơ
Đại học Cần Thơ
2013
|
| Materias: | |
| Etiquetas: |
Agregar Etiqueta
Sin Etiquetas, Sea el primero en etiquetar este registro!
|
| Thư viện lưu trữ: | Trung tâm Học liệu Trường Đại học Cần Thơ |
|---|
| LEADER | 01231nam a2200217Ia 4500 | ||
|---|---|---|---|
| 001 | CTU_185950 | ||
| 008 | 210402s9999 xx 000 0 und d | ||
| 082 | |a 668.63 | ||
| 082 | |b Đ110 | ||
| 088 | |a 60440301 | ||
| 100 | |a Nguyễn, Văn Đạt | ||
| 245 | 0 | |a Sử dụng phân hữu cơ bùn cống thải trồng thử nghiệm cây rau muống (Ipomoea Aquatica) và xà lách (Lactuca Sativa Var. Capitala L.) : | |
| 245 | 0 | |b Luận văn thạc sĩ. Ngành khoa học môi trường | |
| 245 | 0 | |c Nguyễn Văn Đạt ; Bùi Thị Nga (người hướng dẫn) | |
| 260 | |a Cần Thơ | ||
| 260 | |b Đại học Cần Thơ | ||
| 260 | |c 2013 | ||
| 520 | |a Luận văn nghiên cứu về việc sử dụng phân hữu cơ bùn cống thải trồng thử nghiệm cây rau muống và xà lách nhằm đánh giá khả năng đáp ứng nhu cầu sinh trưởng của rau muống và xà lách khi sử dụng phân hữu cơ từ bùn cống thải. | ||
| 650 | |a Organic fertilizers,Phân hữu cơ | ||
| 904 | |i Nguyễn Thị Thảo Trinh | ||
| 980 | |a Trung tâm Học liệu Trường Đại học Cần Thơ | ||